000 00546nam a2200193Ia 4500
005 20250508150931.0
008 008 250505s9999 xx 000 0 eng d
037 _aTextual
040 _aFEDL
_beng
_cFEDL
041 _aeng
_2eng
084 _a155.45, EIS
_qFEDL
100 _aEissler K.R.
_9149083
245 0 _aSearchlights on delinquency
260 _aLondon, UK
_bImago Publishing Company Limited
_c1949
300 _axiii,456p.
650 _aChild Psychology
942 _cTEXL
_h155.45, EIS
999 _c1326579
_d1326579